Highlights in condensed matter physics and future prospects by Leo Esaki (Record no. 1211529)

MARC details
000 -LEADER
fixed length control field 01142nam a2200301Ia 4500
003 - CONTROL NUMBER IDENTIFIER
control field OSt
005 - DATE AND TIME OF LATEST TRANSACTION
control field 20221007123217.0
008 - FIXED-LENGTH DATA ELEMENTS--GENERAL INFORMATION
fixed length control field 221006b |||||||| |||| 00| 0 eng d
020 ## - INTERNATIONAL STANDARD BOOK NUMBER
International Standard Book Number 0306441195
037 ## - SOURCE OF ACQUISITION
Terms of availability Textual
040 ## - CATALOGING SOURCE
Original cataloging agency PAPL
Transcribing agency PAPL
Language of cataloging eng
041 ## - LANGUAGE CODE
Source of code eng
Language code of text/sound track or separate title eng
100 ## - MAIN ENTRY--PERSONAL NAME
Personal name Esaki Leo Ed
9 (RLIN) 716843
111 ## - MAIN ENTRY--MEETING NAME
Meeting name or jurisdiction name as entry element NATO Science Forum '90 highlights of the eighties and future prospects in condensed matter physics^eFrance^gBiarritz^iSeptember 16-21,1990
9 (RLIN) 716844
245 #0 - TITLE STATEMENT
Title Highlights in condensed matter physics and future prospects by Leo Esaki
260 ## - PUBLICATION, DISTRIBUTION, ETC.
Place of publication, distribution, etc. New
Name of publisher, distributor, etc. York Plenum Press
Date of publication, distribution, etc. 1991
300 ## - PHYSICAL DESCRIPTION
Extent 708p
Dimensions cm.
490 ## - SERIES STATEMENT
Volume/sequential designation NATO Science Forum '90 highlights of the eighties and future prospects in condensed matter physics held September 16-21,1990, in Biarritz, France
Series statement NATO ASI series, series B Physics. 285
650 ## - SUBJECT ADDED ENTRY--TOPICAL TERM
Topical term or geographic name entry element Condensed Matter
650 ## - SUBJECT ADDED ENTRY--TOPICAL TERM
Topical term or geographic name entry element International Conference
9 (RLIN) 716845
650 ## - SUBJECT ADDED ENTRY--TOPICAL TERM
Topical term or geographic name entry element Physics
942 ## - ADDED ENTRY ELEMENTS (KOHA)
Classification part C21p1,N90, N1
Koha item type Textual
Source of classification or shelving scheme Colon Classification (CC)
Holdings
Withdrawn status Lost status Source of classification or shelving scheme Damaged status Not for loan Home library Current library Date acquired Serial Enumeration / chronology Total Checkouts Full call number Barcode Date last seen Price effective from Koha item type
    Colon Classification (CC)     Department of Physics and Astrophysics Library Department of Physics and Astrophysics Library 2022-10-07 NATO Science Forum '90 highlights of the eighties and future prospects in condensed matter physics held September 16-21,1990, in Biarritz, France   C21p1,N90 N1 PA0005051 2022-10-07 2022-10-07 Textual
Copyright @ Delhi University Library System